BIBLIOTECA

SENCICO

Topografía : (Registro nro. 471)

Detalles MARC
000 -LEADER
fixed length control field 01822nam a2200301Ia 4500
003 - CONTROL NUMBER IDENTIFIER
control field PE-SENCICO
005 - DATE AND TIME OF LATEST TRANSACTION
control field 20251020182439.0
008 - FIXED-LENGTH DATA ELEMENTS--GENERAL INFORMATION
fixed length control field 200515s2017 CO a 000 0 und d
020 ## - INTERNATIONAL STANDARD BOOK NUMBER
International Standard Book Number 978-958-771-506-4
040 ## - CATALOGING SOURCE
Original cataloging agency PE SENCICO
Transcribing agency PE SENCICO
041 ## - LANGUAGE CODE
Language code of text/sound track or separate title spa
082 ## - DEWEY DECIMAL CLASSIFICATION NUMBER
Classification number 526.9
Item number R62
100 1# - MAIN ENTRY--PERSONAL NAME
Personal name Rincón Villalba, Mario Arturo
9 (RLIN) 313
Relator term autor
245 10 - TITLE STATEMENT
Title Topografía :
Remainder of title conceptos y aplicaciones /
Statement of responsibility, etc. Mario Arturo Rincón Villalba, Wilson Ernesto Vargas Vargas, Carlos Javier González Vergara
250 ## - EDITION STATEMENT
Edition statement 1a ed.
260 ## - PUBLICATION, DISTRIBUTION, ETC.
Place of publication, distribution, etc. Bogotá :
Name of publisher, distributor, etc. Ecoe ediciones ;
Date of publication, distribution, etc. 2017
300 ## - PHYSICAL DESCRIPTION
Extent 380 páginas :
Other physical details ilustraciones, tablas, gráficos ;
Dimensions 24 cm.
490 ## - SERIES STATEMENT
Series statement Ingeniería y salud en el trabajo. Ingeniería civil
505 0# - FORMATTED CONTENTS NOTE
Formatted contents note Levantamiento con cinta y brújula -- Ángulos y coordenadas -- Radiación -- Poligonales -- Poligonal abierta -- Poligonal cerrada -- Poligonal punto a punto -- Localización de proyectos -- Cálculo de áreas -- Altimetría conceptos generales -- Nivelación geométrica o diferencial -- Nivelación trigonométrica -- Nivelación de líneas (perfiles) -- Modelos digitales de terreno -- Nivelación de superficies -- Movimiento de tierras -- Planos topográficos
520 3# - SUMMARY, ETC.
Summary, etc. Explica detalladamente los conceptos principales del área de topografía y las diferentes metodologías para la realización de proyectos, abordando de manera clara y precisa las temáticas de planimetría, altimetría y su combinación en la generación de modelos digitales de terreno y planos topográficos.
650 10 - SUBJECT ADDED ENTRY--TOPICAL TERM
Topical term or geographic name entry element Topografía
9 (RLIN) 4
650 20 - SUBJECT ADDED ENTRY--TOPICAL TERM
Topical term or geographic name entry element Medición de altitudes
9 (RLIN) 1225
650 20 - SUBJECT ADDED ENTRY--TOPICAL TERM
Topical term or geographic name entry element Nivelación
9 (RLIN) 1224
650 20 - SUBJECT ADDED ENTRY--TOPICAL TERM
Topical term or geographic name entry element Levantamiento topográfico
9 (RLIN) 116
700 1# - ADDED ENTRY--PERSONAL NAME
9 (RLIN) 310
Personal name Vargas Vargas, Wilson Ernesto
Relator term autor
700 1# - ADDED ENTRY--PERSONAL NAME
9 (RLIN) 314
Personal name Gonzáles Vergara, Carlos Javier
Relator term autor
942 ## - ADDED ENTRY ELEMENTS (KOHA)
Koha item type Libros
Source of classification or shelving scheme Dewey Decimal Classification
Existencias
Fecha de la última vez que lo usaron Número de ingreso o de inventario Pago total Signatura topográfica completa Código de barras Precio efectivo desde Tipo de documento Estado perdido Sistema de clasificación Estado dañado No es para préstamo Retirado Ubicación permanente Ubicación actual Fecha de adquisición
15/05/2020 16314   526.9/R62 BibLima25070037 15/05/2020 Libros   Dewey Decimal Classification       Biblioteca Central Lima Biblioteca Central Lima 15/05/2020